Edición profesional de peluqueria estilo = Style professional hairdressing edition : / (Registro nro. 5726)

000 -CABECERA
campo de control de longitud fija 00795nam a2200265 u 4500
001 - NÚMERO DE CONTROL
campo de control 000056327
005 - FECHA Y HORA DE LA ÚLTIMA TRANSACCIÓN
campo de control 20200120223232.0
008 - DATOS DE LONGITUD FIJA--INFORMACIÓN GENERAL
campo de control de longitud fija 130614s2005 sp gr 000 0 spa d
020 ## - NÚMERO INTERNACIONAL ESTÁNDAR DEL LIBRO
Número Internacional Estándar del Libro 8495818434
041 0# - CÓDIGO DE LENGUA
Código de lengua del texto/banda sonora o título independiente |spa
043 ## - CÓDIGO DE ÁREA GEOGRÁFICA
Código de área geográfica e-sp---
082 04 - NÚMERO DE LA CLASIFICACIÓN DECIMAL DEWEY
Número de clasificación 646.724
Número de documento/Ítem E22
Número de edición 21
245 00 - MENCIÓN DE TÍTULO
Título Edición profesional de peluqueria estilo = Style professional hairdressing edition : /
Mención de responsabilidad, etc. creación : David Fernández García.
250 ## - MENCIÓN DE EDICIÓN
Mención de edición 1a. ed.
260 ## - PUBLICACIÓN, DISTRIBUCIÓN, ETC.
Lugar de publicación, distribución, etc. Málaga (España) :
Nombre del editor, distribuidor, etc. Ediciones Daly,
Fecha de publicación, distribución, etc. 2005.
300 ## - DESCRIPCIÓN FÍSICA
Extensión v. :
Otras características físicas fot.
500 ## - NOTA GENERAL
Nota general Textos en español y en inglés
500 ## - NOTA GENERAL
Nota general v.1 Women
500 ## - NOTA GENERAL
Nota general v.2 Women
500 ## - NOTA GENERAL
Nota general v.3 Men & kids
650 14 - PUNTO DE ACCESO ADICIONAL DE MATERIA--TÉRMINO DE MATERIA
Término de materia o nombre geográfico como elemento de entrada Peluqueria
Subdivisión general Técnicas
650 24 - PUNTO DE ACCESO ADICIONAL DE MATERIA--TÉRMINO DE MATERIA
Término de materia o nombre geográfico como elemento de entrada Peinado
Subdivisión general Técnicas
650 24 - PUNTO DE ACCESO ADICIONAL DE MATERIA--TÉRMINO DE MATERIA
Término de materia o nombre geográfico como elemento de entrada Belleza personal
700 1# - PUNTO DE ACCESO ADICIONAL--NOMBRE DE PERSONA
Nombre de persona Gernández García, David
Existencias
Estado de retiro Estado de pérdida Fuente del sistema de clasificación o colocación Estado dañado No para préstamo Código de colección Localización permanente Ubicación/localización actual Fecha de adquisición Número de inventario Total de préstamos Renovaciones totales Signatura topográfica completa Código de barras Fecha visto por última vez Fecha del último préstamo Número de copia Precio válido a partir de Tipo de ítem Koha Nota pública
          Colección General Biblioteca Pública San Juan Bosco Biblioteca Pública San Juan Bosco 20/01/2020 106602 18 13 646.724 E22 MOS000785 06/06/2024 01/02/2024 v.1 ej.1 20/01/2020 Libro Ocho días
          Colección General Biblioteca Pública San Juan Bosco Biblioteca Pública San Juan Bosco 20/01/2020 106600     646.724 E22 MOS000786 12/04/2021   v.2 ej.1 20/01/2020 Libro Ocho días
          Colección General Biblioteca Pública San Juan Bosco Biblioteca Pública San Juan Bosco 20/01/2020 106601 19 13 646.724 E22 MOS000787 06/06/2024 01/02/2024 v.3 ej.1 20/01/2020 Libro Ocho días

© Todos los derechos reservados para la Biblioteca Pública Municipal San Juan Bosco, 2020
Secretaria de Cultura de Mosquera
Carrera 3 N° 10 Esquina Centro Cultural Barrio El Carmén Teléfono: 8270830 Ext: 34
Funcionando con KOHA
Contacto: Biblioteca Pública Municipal San Juan Bosco/ bibliotecasanjuanbosco@mosquera-cundinamarca.gov.co
Mosquera, Cundinamarca